| 000 | 00888nam a2200229Ia 4500 | ||
|---|---|---|---|
| 999 |
_c52620 _d52620 |
||
| 001 | 19644 | ||
| 003 | GE_BSU | ||
| 005 | 20200313164016.0 | ||
| 008 | 181216s1938||||ge |||||||||||||| ||geo|| | ||
| 040 | _cGE_BSU | ||
| 041 | _ageo | ||
| 080 | _a811.353.1(058) მ-80 | ||
| 245 |
_aმოამბე II (2) = Известия / _cრედ. სიმონ ჯანაშია. |
||
| 264 |
_aტფილისი : _bსსრკ მეცნ. აკად. საქ. ფილიალის გამ-ბა, _c1938. |
||
| 300 |
_a271გვ. ; _c24 სმ. |
||
| 541 | _h60თ. | ||
| 653 | _aენათმეცნიერება | ||
| 653 | _aმოამბე II (2) | ||
| 700 |
_aჯანაშია, სიმონ _eრედაქტორი _97716 |
||
| 710 |
_aსსრკ მეცნ. აკად. საქ. ფილიალი _97717 |
||
| 942 |
_cBK _2udc |
||